Catálogo
 En Linea

Como un ramo de rosas : (Registro nro. 9225)

Detalles MARC
000 -CABECERA
campo de control de longitud fija 00507nam a2200157 a 4500
001 - NÚMERO DE CONTROL
campo de control 000009465
005 - FECHA Y HORA DE LA ÚLTIMA TRANSACCIÓN
campo de control 20200929161613.0
008 - DATOS DE LONGITUD FIJA--INFORMACIÓN GENERAL
campo de control de longitud fija 090930s1949 dr 000 0 spa d
040 ## - FUENTE DE LA CATALOGACIÓN
Centro catalogador/agencia de origen DO-SdBNP
Lengua de catalogación spa
Centro/agencia transcriptor BNPHU
082 ## - NÚMERO DE LA CLASIFICACIÓN DECIMAL DEWEY
Número de clasificación xxx
Número de documento/Ítem P376c
049 ## - FONDOS LOCALES (OCLC)
Fondos de biblioteca BNPD
100 1# - ENTRADA PRINCIPAL--NOMBRE DE PERSONA
Nombre de persona Peguero Hijo, Miguel Ángel
9 (RLIN) 24271
245 10 - MENCIÓN DE TÍTULO
Título Como un ramo de rosas :
Resto del título versos de toda una vida /
Mención de responsabilidad, etc. Miguel Ángel Peguero Hijo.
260 ## - PUBLICACIÓN, DISTRIBUCIÓN, ETC.
Lugar de publicación, distribución, etc. Ciudad Trujillo, Republica Dominicana :
Nombre del editor, distribuidor, etc. Moisés A. Pellerano,
Fecha de publicación, distribución, etc. 1949.
300 ## - DESCRIPCIÓN FÍSICA
Extensión 76 p. ;
Dimensiones 24 cm.
Existencias
Estado de retiro Estado de pérdida Restricciones de uso No para préstamo Código de colección Localización permanente Ubicación/localización actual Ubicación en estantería Fecha de adquisición Número de inventario Total de préstamos Signatura topográfica completa Código de barras Fecha visto por última vez Número de copia Precio válido a partir de Tipo de ítem Koha
        Raros y valiosos General General Depósito 20.02.2015 LF1   xxx P376c 9465-30 25.06.2020 e. 3 25.06.2020 Préstamo en sala
      Excluido de préstamo Raros y valiosos Patrimonio Dominicano Patrimonio Dominicano Depósito 30.09.2009 LF1   xxx P376c 9465-10 25.06.2020   25.06.2020 No se presta
      Excluido de préstamo Raros y valiosos Patrimonio Dominicano Patrimonio Dominicano Depósito 28.04.2011 LF1   xxx P376c 9465-20 25.06.2020 e. 2 25.06.2020 No se presta

Con tecnología Koha